| 000 | 00426nam a2200157Ia 4500 | ||
|---|---|---|---|
| 008 | 220204s9999 xx 000 0 und d | ||
| 082 |
_aNR:678.021980 _bRRM |
||
| 245 | 0 | _aRRIM training manual on natural rubber processing | |
| 260 |
_aKuala Lumpur _bRRIM _c1980 |
||
| 650 | _aLatex coagulation | ||
| 650 | _aNR Processing | ||
| 650 | _aRubber effluent | ||
| 650 | _aRubber machinery | ||
| 650 | _aTyre rubber | ||
| 942 | _cBK | ||
| 999 |
_c36370 _d36370 |
||